000 00415nam a2200181Ia 4500
008 230711s9999||||xx |||||||||||||| ||und||
020 _a978-93-325-4986-9
041 _aENG
082 _a624.17
_bSC-S
100 _aSchodek,Daniel
245 0 _aStructures
250 _a7th Ed.
260 _c2015
_aNew Delhi
_bPearson
300 _a517p.
650 _aArchitecture
700 _aBechthold,Martin
942 _cBK
999 _c6508
_d6508